UM Logo

Improved dynamic behavior for the series-resonant converter using bidirectional charge control / (Record no. 19970)

MARC details
000 -LEADER
fixed length control field 01061nam a22002297a 4500
003 - CONTROL NUMBER IDENTIFIER
control field OSt
005 - DATE AND TIME OF LATEST TRANSACTION
control field 20251001181125.0
008 - FIXED-LENGTH DATA ELEMENTS--GENERAL INFORMATION
fixed length control field 240403b ||||| |||| 00| 0 eng d
040 ## - CATALOGING SOURCE
Transcribing agency 0
082 ## - DEWEY DECIMAL CLASSIFICATION NUMBER
Classification number DPer 621.381 Ie21 October 2022 v. 37 n. 10
100 ## - MAIN ENTRY--PERSONAL NAME
Personal name Bonten, Remco W. T.
Relator term author.
9 (RLIN) 55848
245 ## - TITLE STATEMENT
Title Improved dynamic behavior for the series-resonant converter using bidirectional charge control /
Statement of responsibility, etc. Remco W. T. Bonten, Jan M. Schellekens, Bas J. D. Vermulst, Frank M. Clermonts, and Henk Huisman.
260 ## - PUBLICATION, DISTRIBUTION, ETC. (IMPRINT)
Place of publication, distribution, etc. New York ;
Name of publisher, distributor, etc. The Institute of Electrical and Electronics Engineers, Inc. ,
Date of publication, distribution, etc. October 2022.
300 ## - PHYSICAL DESCRIPTION
Extent Volume 37, pages 11607-11619 :
Other physical details illustration ;
Dimensions 28 cm.
500 ## - GENERAL NOTE
General note IEEE Transactions on Power Electronics, v. 37, n. 10, pages 11607-11619, October 2022.
700 ## - ADDED ENTRY--PERSONAL NAME
Personal name Bonten, Remco W. T.
Relator term author.
9 (RLIN) 55848
700 ## - ADDED ENTRY--PERSONAL NAME
Personal name Schellekens, Jan M.
Relator term author.
9 (RLIN) 55849
700 ## - ADDED ENTRY--PERSONAL NAME
Personal name Vermulst, Bas J. D.
Relator term author.
9 (RLIN) 55850
700 ## - ADDED ENTRY--PERSONAL NAME
Personal name Clermonts, Frank M.
Relator term author.
9 (RLIN) 55851
700 ## - ADDED ENTRY--PERSONAL NAME
Personal name Huisman, Henk.
Relator term author.
9 (RLIN) 55852
942 ## - ADDED ENTRY ELEMENTS (KOHA)
Source of classification or shelving scheme Dewey Decimal Classification
Koha item type Periodicals
Holdings
Withdrawn status Lost status Source of classification or shelving scheme Damaged status Not for loan Collection code Home library Current library Date acquired Total Checkouts Full call number Date last seen Price effective from Koha item type Public note
    Dewey Decimal Classification     Periodicals UM Digos College - LIC UM Digos College - LIC 04/03/2024   DPer 621.317 Ie21 October 2022 v. 37 n. 10 04/03/2024 04/03/2024 Periodicals Periodical Article